| 000 | 00514nam a2200205Ia 4500 | ||
|---|---|---|---|
| 003 | OSt | ||
| 005 | 20140507092639.0 | ||
| 008 | 140130s9999 xx 000 0 und d | ||
| 020 | _a0439686172 | ||
| 050 |
_aPZ 7 _b.W65535Dj 2004 |
||
| 100 | _aWillems, Mo | ||
| 245 |
_cMo Willems. _aDon't let the pigeon drive / |
||
| 250 | _a1st ed. | ||
| 260 |
_bScholastic, _aNew York : _c2004. |
||
| 300 |
_a1 v. (unpaged) : _bcol. ill. ; _c24 cm. |
||
| 521 | _aG1 | ||
| 526 | _c120 | ||
| 942 |
_cBK _2lcc |
||
| 999 |
_c39837 _d39837 |
||